[Event "Urals-ch 72nd"]
[Site "Tiumen"]
[Date "2014.03.26"]
[Round "7"]
[White "Alimbaev, Ramil"]
[Black "Solovjev, Nikolay1"]
[Result "0-1"]
[WhiteElo "2011"]
[BlackElo "2309"]
[PlyCount "72"]
[EventDate "2014.03.20"]
[EventType "swiss"]
[EventRounds "9"]
[EventCountry "RUS"]
[SourceTitle "CBM 159 Extra"]
[Source "ChessBase"]
[SourceDate "2014.04.24"]
[SourceVersion "1"]
[SourceVersionDate "2014.04.24"]
[SourceQuality "1"]

1. Nf3 Nf6 2. g3 c5 3. Bg2 d5 4. 0-0 Nc6 5. d3 g6 6. Nbd2 Bg7 7. c4 0-0 8. cxd5 Nxd5 9. Rb1 b6 10. a3 Bb7 11. Re1 Qd7 12. Qa4 e5 13. Qh4 Rfe8 14. Ne4 f5 15. Bh3 Nd4 16. Nxd4 exd4 17. Bh6 Qc6 18. Bxg7 Kxg7 19. Ng5 h6 20. Nf3 Rf8 21. Bg2 g5 22. Nxg5 hxg5 23. Qxg5+ Qg6 24. Qd2 Bc6 25. e4 dxe3 26. fxe3 Qh6 27. Rbc1 Rh8 28. Kf2 Ne7 29. h4 Rad8 30. b4 Bxg2 31. Kxg2 Qc6+ 32. Kh3 Ng6 33. bxc5 Nxh4 34. Qb2+ Kg6 35. e4 Nf3+ 36. Kg2 Nxe1+ 0-1

[Event "Urals-ch 72nd"]
[Site "Tiumen"]
[Date "2014.03.24"]
[Round "5"]
[White "Berzhanin, Ivan"]
[Black "Alimbaev, Ramil"]
[Result "0-1"]
[WhiteElo "1846"]
[BlackElo "2011"]
[PlyCount "64"]
[EventDate "2014.03.20"]
[EventType "swiss"]
[EventRounds "9"]
[EventCountry "RUS"]
[SourceTitle "CBM 159 Extra"]
[Source "ChessBase"]
[SourceDate "2014.04.24"]
[SourceVersion "1"]
[SourceVersionDate "2014.04.24"]
[SourceQuality "1"]

1. d4 Nf6 2. c4 g6 3. Nc3 Bg7 4. e4 d6 5. f4 0-0 6. Nf3 Bg4 7. Be2 Nbd7 8. h3 Bxf3 9. Bxf3 c5 10. e5 Ne8 11. Bxb7 Rb8 12. Bc6 cxd4 13. Qxd4 Nc5 14. 0-0 Qa5 15. Qe3 Nb3 16. Rb1 Nxc1 17. Nd5 Qxa2 18. Qxc1 Qa5 19. Nxe7+ Kh8 20. Bd5 dxe5 21. fxe5 Qc5+ 22. Rf2 Qxe7 23. Qf1 Bxe5 24. Re1 Qc7 25. Rxf7 Rxf7 26. Qxf7 Qxf7 27. Bxf7 Bd4+ 28. Kf1 Nd6 29. Bd5 Rxb2 30. Re6 Nf5 31. g4 Ne3+ 32. Ke1 Bc3# 0-1

[Event "Urals-ch 72nd"]
[Site "Tiumen"]
[Date "2014.03.20"]
[Round "1"]
[White "Kryakvin, Dmitry"]
[Black "Alimbaev, Ramil"]
[Result "1-0"]
[WhiteElo "2601"]
[BlackElo "2011"]
[PlyCount "85"]
[EventDate "2014.03.20"]
[EventType "swiss"]
[EventRounds "9"]
[EventCountry "RUS"]
[SourceTitle "CBM 159 Extra"]
[Source "ChessBase"]
[SourceDate "2014.04.24"]
[SourceVersion "1"]
[SourceVersionDate "2014.04.24"]
[SourceQuality "1"]

1. d4 d5 2. c4 dxc4 3. Nf3 e6 4. Qa4+ Bd7 5. Qxc4 a6 6. g3 Nf6 7. Bg2 Bb5 8. Qc2 Nbd7 9. Nc3 Bb4 10. Bd2 Bc6 11. 0-0 0-0 12. Rfe1 Bxc3 13. Bxc3 Be4 14. Qd2 Nd5 15. Rac1 N7f6 16. Bb4 Nxb4 17. Qxb4 Qd6 18. Qc5 Qxc5 19. Rxc5 c6 20. Nd2 Bxg2 21. Kxg2 Rfd8 22. Nb3 Ne4 23. Rc2 Rab8 24. e3 f6 25. Kf3 Nd6 26. Nc5 Kf7 27. a4 h5 28. h4 Nf5 29. Rc3 Ne7 30. Rec1 a5 31. Rb3 b5 32. Ra1 b4 33. Rd3 Rd5 34. e4 Rd6 35. Ke3 Rdd8 36. Rc1 e5 37. dxe5 fxe5 38. Nd7 Ke6 39. Nxb8 Rxb8 40. Rc5 Ra8 41. f4 exf4+ 42. gxf4 g6 43. Re5+ 1-0